Muslims: their Religious Beliefs andPractices (Record no. 6286)

MARC details
000 -LEADER
fixed length control field 00487nam a2200181 a 4500
020 ## - INTERNATIONAL STANDARD BOOK NUMBER
ISBN 0415185
082 00 - DEWEY DECIMAL CLASSIFICATION NUMBER
Classification number 297
Author Cutter RIP V1
100 ## - MAIN ENTRY--AUTHOR NAME
Author name Rippin, Andrew
245 ## - TITLE STATEMENT
Title Muslims: their Religious Beliefs andPractices
260 ## - PUBLICATION, DISTRIBUTION, ETC. (IMPRINT)
Place of publication London
Name of publisher Routledge Chapman Hall
Year of publication 1990
300 ## - PHYSICAL DESCRIPTION
Number of Pages 155p.
500 ## - GENERAL NOTE
General note includes index and biblioraphy
505 2# - FORMATTED CONTENTS NOTE
Formatted contents note Bibliography, Index
505 2# - FORMATTED CONTENTS NOTE
Formatted contents note Bibliography, Index00
650 ## - SUBJECT ADDED ENTRY--TOPICAL TERM
Topical Term Islam-Meccan Trade
942 ## - ADDED ENTRY ELEMENTS (KOHA)
Koha item type Books
700 1# -
-- Rippin, Andrew
Holdings
Home library Current library Date acquired Cost, normal purchase price Full call number Accession Number Koha item type
Henry Martyn Institute Library Henry Martyn Institute Library 07/03/2019 100.00 297 RIP V1 014755 Books
Henry Martyn Institute Library Henry Martyn Institute Library 07/03/2019 100.00 297 RIP V2 014865 Books
                   Copyright © 2026 | Henry Martyn Institute | Hyderabad | TS-500052 | INDIA | Implemented by hmi.edu.in
Hit-Count:

Powered by Koha